[Event "SVK Extraliga 2019-20"]
[Site "Slovakia"]
[Date "2020.01.19"]
[Round "6.5"]
[White "Mrva, Martin"]
[Black "Jacko, Vladimir"]
[Result "0-1"]
[WhiteElo "2395"]
[BlackElo "2312"]
[Annotator "NA"]
[PlyCount "128"]
[EventDate "2019.10.19"]
[EventType "team-tourn"]
[EventCountry "SVK"]
[SourceTitle "playchess.com"]
[Source "ChessBase"]
[SourceQuality "1"]
[WhiteTeam "Snina"]
[BlackTeam "Prakovce"]
[TimeControl "40/5400+30:1800+30"]

1. e4 {[%emt 0:00:00]} e5 {[%emt 0:01:03]} 2. Nf3 {[%emt 0:00:00]} d6 {[%emt 0:01:04]} 3. d4 {[%emt 0:00:20]} exd4 {[%emt 0:00:19]} 4. Nxd4 {[%emt 0:00:10]} Nf6 {[%emt 0:00:38]} 5. Nc3 {[%emt 0:00:09]} g6 {[%emt 0:00:22]} 6. Be3 {[%emt 0:08:46]} Bg7 {[%emt 0:00:07]} 7. Qd2 {[%emt 0:00:19]} O-O {[%emt 0:00:48]} 8. O-O-O {[%emt 0:00:23]} Re8 {[%emt 0:08:19]} 9. f3 {[%emt 0:01:09] C41: Philidor Defence} d5 {[%emt 0:02:20]} (9... Nc6 10. Kb1 Nxd4 11. Bxd4 Be6 12. Nd5 Bxd5 13. exd5 c5 14. dxc6 bxc6 15. g4 d5 16. h4 Rb8 17. b3 Qd6 18. h5 {0-1 (53) Saric,I (2695)-Mamedov,R (2703) St Petersburg 2018}) 10. Nb3 {[%emt 0:02:25]} c6 {[%emt 0:04:44]} 11. Bg5 {[%emt 0:01:14]} a5 $146 {[%emt 0:04:44]} ({Predecessor:} 11... Qd6 12. exd5 cxd5 13. Nxd5 Nxd5 14. Qxd5 Qxd5 15. Rxd5 Be6 16. Rd1 Nc6 {1-0 (31) Ahmed,S (2186)-Uten (2086) Dhaka 2019}) 12. a4 {[%emt 0:05:53]} b5 {[%emt 0:03:45]} 13. exd5 {[%emt 0:03:17]} ({Of course not} 13. axb5 $6 a4 $11) 13... bxa4 {[%emt 0:08:44] [#]} 14. Nxa4 {[%emt 0:00:18]} (14. dxc6 $1 $16 Nxc6 15. Bb5 (15. Nxa4 Qxd2+ 16. Bxd2 Rb8 $16) 15... axb3 16. Bxc6) 14... cxd5 {[%emt 0:09:31]} 15. Nbc5 {[%emt 0:05:39]} Nbd7 {[%emt 0:11:17]} 16. Bb5 {[%emt 0:17:37]} Rb8 {[%emt 0:02:44]} 17. Bxd7 {[%emt 0:04:16]} Bxd7 {[%emt 0:00:45]} 18. Bxf6 {[%emt 0:00:55]} Bxf6 {[%emt 0:02:36]} 19. Qxd5 {[%emt 0:00:07]} Bg5+ {[%emt 0:05:34]} 20. Kb1 {[%emt 0:00:34]} Bxa4 {[%emt 0:00:06]} 21. Nxa4 {[%emt 0:00:27]} Qf6 {[%emt 0:01:09]} 22. Rhe1 {[%emt 0:04:06]} Rec8 {[%emt 0:04:41]} 23. Rd3 {[%emt 0:06:45]} Qf4 {[%emt 0:08:01]} 24. Rd4 {[%emt 0:01:48]} Qf6 {[%emt 0:00:08]} 25. Rde4 {[%emt 0:05:14]} ({Better is} 25. c3 $14) 25... Bh6 $11 {[%emt 0:02:29]} 26. Qxa5 {[%emt 0:01:29]} Qc6 {[%emt 0:02:04]} 27. R1e2 {[%emt 0:06:35]} Bf8 {[%emt 0:01:25]} 28. b3 {[%emt 0:06:00]} Rxb3+ {[%emt 0:01:11]} 29. Nb2 {[%emt 0:00:44]} Ra3 {[%emt 0:06:10]} 30. Ra4 {[%emt 0:00:18]} Rc3 {[%emt 0:01:50]} 31. Qa6 {[%emt 0:03:35]} Qc5 {[%emt 0:00:08]} 32. Qb7 {[%emt 0:04:29]} Qg1+ {[%emt 0:02:31]} 33. Ka2 {[%emt 0:00:10]} R3c7 {[%emt 0:02:09]} 34. Qd5 {[%emt 0:00:56]} Bg7 {[%emt 0:00:40]} 35. c4 {[%emt 0:01:00]} Qf1 {[%emt 0:01:23]} 36. Qd3 {[%emt 0:01:11]} Qg1 {[%emt 0:00:37]} 37. Nd1 {[%emt 0:01:38]} Bf6 {[%emt 0:00:49]} 38. Nc3 {[%emt 0:05:13]} Rb7 {[%emt 0:00:31]} 39. Qd1 {[%emt 0:00:43]} Qxh2 {[%emt 0:01:23]} 40. Ne4 {[%emt 0:01:30]} Be7 {[%emt 0:00:28]} 41. Qd5 {[%emt 0:05:03]} Qb8 {[%emt 0:02:51]} 42. c5 {[%emt 0:05:16]} Rd8 {[%emt 0:17:52]} 43. Qc4 {[%emt 0:00:43]} Qc7 {[%emt 0:06:33]} 44. Rc2 {[%emt 0:02:24]} Rdb8 {[%emt 0:01:32]} 45. Ra6 {[%emt 0:04:32]} Rb4 {[%emt 0:01:33]} 46. Qd5 {[%emt 0:04:29]} Rd8 {[%emt 0:00:34]} 47. Nc3 {[%emt 0:02:12]} Qc8 {[%emt 0:01:25]} 48. Ra7 {[%emt 0:00:39]} Rxd5 {[%emt 0:00:13]} 49. Nxd5 {[%emt 0:00:18]} Qe6 {[%emt 0:00:08]} 50. Ka3 {[%emt 0:00:04]} Rb7 {[%emt 0:01:47]} 51. Nxe7+ {[%emt 0:01:43]} Rxe7 {[%emt 0:00:02]} 52. Rxe7 {[%emt 0:00:22]} Qxe7 {[%emt 0:00:05]} 53. Ka4 {[%emt 0:00:17]} Qa7+ {[%emt 0:00:18]} 54. Kb5 {[%emt 0:00:29]} Qb7+ {[%emt 0:00:05]} 55. Kc4 {[%emt 0:00:11]} Qa6+ {[%emt 0:00:41]} 56. Kb4 {[%emt 0:01:00]} Qb7+ {[%emt 0:01:02]} 57. Kc4 {[%emt 0:00:06]} Kf8 {[%emt 0:00:24]} 58. Kd4 {[%emt 0:00:30]} Qb4+ {[%emt 0:00:24]} 59. Ke3 {[%emt 0:01:14]} Qb3+ {[%emt 0:00:12]} 60. Kd2 {[%emt 0:00:07]} Qd5+ {[%emt 0:00:10]} 61. Ke3 {[%emt 0:00:06]} Qc6 {[%emt 0:00:27]} 62. Kd4 {[%emt 0:01:02]} Ke7 {[%emt 0:00:16]} 63. Re2+ {[%emt 0:01:05]} Kd7 {[%emt 0:00:07]} 64. Rc2 {[%emt 0:00:05]} Qa4+ {[%emt 0:00:18]} 0-1

[Event "SVK Extraliga 2019-20"]
[Site "Slovakia"]
[Date "2020.01.19"]
[Round "6.5"]
[White "Csonka, Attila Istvan"]
[Black "Pacher, Milan"]
[Result "1-0"]
[WhiteElo "2350"]
[BlackElo "2402"]
[Annotator "NA"]
[PlyCount "110"]
[EventDate "2019.10.19"]
[EventType "team-tourn"]
[EventCountry "SVK"]
[SourceTitle "playchess.com"]
[Source "ChessBase"]
[SourceQuality "1"]
[WhiteTeam "Streda"]
[BlackTeam "Slovan"]
[TimeControl "40/5400+30:1800+30"]

1. e4 {[%emt 0:00:00]} c5 {[%emt 0:04:43]} 2. Nf3 {[%emt 0:00:00]} Nc6 {[%emt 0:00:06]} 3. d4 {[%emt 0:00:00]} cxd4 {[%emt 0:00:03]} 4. Nxd4 {[%emt 0:00:00]} Nf6 {[%emt 0:00:03]} 5. Nc3 {[%emt 0:00:00]} e5 {[%emt 0:00:05]} 6. Ndb5 {[%emt 0:00:03]} d6 {[%emt 0:00:03]} 7. Bg5 {[%emt 0:00:08]} a6 {[%emt 0:00:03]} 8. Na3 {[%emt 0:00:06]} b5 {[%emt 0:00:04]} 9. Nd5 {[%emt 0:00:04]} Be7 {[%emt 0:00:04]} 10. Bxf6 {[%emt 0:00:07]} Bxf6 {[%emt 0:00:02]} 11. c4 {[%emt 0:00:08]} b4 {[%emt 0:00:04] B33: Sicilian: Pelikan and Sveshnikov Variations} 12. Nc2 {[%emt 0:00:05]} O-O {[%emt 0:00:05]} 13. g3 {[%emt 0:00:46]} a5 {[%emt 0:00:05]} 14. Bg2 {[%emt 0:00:24]} g6 {[%emt 0:00:47]} 15. O-O {[%emt 0:00:59]} Bg7 {[%emt 0:00:05]} 16. Qd3 {[%emt 0:00:34]} Rb8 {[%emt 0:06:09] [#]} 17. Rfd1 $146 {[%emt 0:03:38]} ({Predecessor:} 17. b3 Be6 18. Rfd1 Qd7 19. Qe2 {1-0 (41) Dominguez Perez,L (2720)-Lupulescu,C (2618) Baku 2016}) 17... Nd4 {[%emt 0:04:19]} 18. Nxd4 {[%emt 0:06:00]} exd4 {[%emt 0:00:04]} 19. Nf4 {[%emt 0:00:32]} Bg4 {[%emt 0:02:45]} 20. f3 {[%emt 0:01:33]} Be6 {[%emt 0:00:49]} 21. b3 {[%emt 0:01:29]} Qb6 {[%emt 0:11:55]} 22. Kh1 {[%emt 0:04:43]} Rbe8 {[%emt 0:02:08]} 23. Re1 {[%emt 0:05:45]} h5 {[%emt 0:04:37]} 24. Rad1 {[%emt 0:02:34]} h4 {[%emt 0:02:06]} 25. Ne2 {[%emt 0:03:37]} hxg3 {[%emt 0:10:37]} 26. hxg3 {[%emt 0:00:57]} Be5 {[%emt 0:00:44]} 27. f4 {[%emt 0:03:26]} Bf6 {[%emt 0:00:06]} 28. Nxd4 {[%emt 0:00:55]} Bg4 {[%emt 0:00:06]} 29. Rd2 {[%emt 0:03:12]} Kg7 {[%emt 0:01:04] [#]} 30. Qe3 $11 {[%emt 0:00:11]} (30. Kg1 $1 $16) 30... Qc5 {[%emt 0:12:28]} 31. e5 {[%emt 0:04:16]} Rh8+ {[%emt 0:01:57]} 32. Kg1 {[%emt 0:00:06]} Bd8 {[%emt 0:00:14]} 33. Nc2 {[%emt 0:02:24]} Bb6 {[%emt 0:00:43]} 34. Rxd6 {[%emt 0:04:38]} Qxd6 {[%emt 0:08:31]} 35. exd6 {[%emt 0:01:23]} Bxe3+ {[%emt 0:00:14]} 36. Nxe3 {[%emt 0:01:05]} Be6 {[%emt 0:09:32]} 37. c5 {[%emt 0:03:17]} a4 {[%emt 0:00:49]} 38. c6 {[%emt 0:01:33]} axb3 {[%emt 0:00:15]} 39. axb3 {[%emt 0:00:04]} Rd8 {[%emt 0:06:26]} 40. Rd1 {[%emt 0:03:36]} Bxb3 {[%emt 0:00:38]} 41. Rd4 {[%emt 0:30:04]} Be6 {[%emt 0:36:19]} 42. c7 {[%emt 0:02:40]} Rde8 {[%emt 0:00:06]} 43. Rxb4 {[%emt 0:02:11]} Bd7 {[%emt 0:00:05]} 44. Kf2 {[%emt 0:05:56]} Rh2 {[%emt 0:00:00]} 45. Rb8 {[%emt 0:00:00]} Rhh8 {[%emt 0:00:00]} 46. Rxe8 {[%emt 0:00:00]} Rxe8 {[%emt 0:00:00]} 47. Nc4 {[%emt 0:00:00]} Kf6 {[%emt 0:00:00]} 48. Bd5 {[%emt 0:00:00]} Bg4 {[%emt 0:00:00]} 49. Ne5 {[%emt 0:00:00]} Rxe5 {[%emt 0:00:00]} 50. fxe5+ {[%emt 0:00:00]} Kxe5 {[%emt 0:00:00]} 51. Bb7 {[%emt 0:00:00]} Kxd6 {[%emt 0:00:00]} 52. c8=Q {[%emt 0:00:00]} Bxc8 {[%emt 0:00:00]} 53. Bxc8 {[%emt 0:00:00]} Ke5 {[%emt 0:00:00]} 54. Kf3 {[%emt 0:00:00]} Kf6 {[%emt 0:00:00]} 55. Kf4 {[%emt 0:00:00]} Kg7 {[%emt 0:00:00]} 1-0

[Event "SVK Extraliga 2019-20"]
[Site "Slovakia"]
[Date "2020.01.19"]
[Round "6.5"]
[White "Dovzik, Juri"]
[Black "Plachetka, Jan"]
[Result "1-0"]
[WhiteElo "2273"]
[BlackElo "2301"]
[Annotator "ChessBase"]
[PlyCount "53"]
[EventDate "2019.10.19"]
[EventType "team-tourn"]
[EventCountry "SVK"]
[SourceTitle "playchess.com"]
[Source "ChessBase"]
[SourceQuality "1"]
[WhiteTeam "Košice"]
[BlackTeam "Liptovska"]
[TimeControl "40/5400+30:1800+30"]

1. c4 {[%emt 0:00:17]} c5 {[%emt 0:00:01]} 2. Nf3 {[%emt 0:00:56]} Nc6 {[%emt 0:00:53]} 3. d4 {[%emt 0:00:17]} cxd4 {[%emt 0:00:29]} 4. Nxd4 {[%emt 0:00:05]} Nf6 {[%emt 0:00:38]} 5. Nc3 {[%emt 0:00:36]} e6 {[%emt 0:00:39]} 6. a3 {[%emt 0:06:24]} Be7 {[%emt 0:03:01]} 7. e4 {[%emt 0:02:45]} d6 {[%emt 0:00:58]} 8. Be2 {[%emt 0:01:42]} O-O {[%emt 0:00:19]} 9. O-O {[%emt 0:00:29]} a6 {[%emt 0:00:25]} 10. Be3 {[%emt 0:02:01]} Bd7 {[%emt 0:01:19]} 11. f3 {[%emt 0:13:23]} Rc8 {[%emt 0:03:22]} 12. Nb3 {[%emt 0:00:24]} Ne5 {[%emt 0:01:35]} 13. Nd2 {[%emt 0:00:05]} Re8 {[%emt 0:02:01]} 14. Kh1 {[%emt 0:19:30]} Bc6 {[%emt 0:03:21]} 15. Bg1 {[%emt 0:01:05]} Ng6 {[%emt 0:03:56]} 16. Re1 {[%emt 0:08:32]} d5 {[%emt 0:09:42]} 17. cxd5 {[%emt 0:01:04]} exd5 {[%emt 0:00:07]} 18. exd5 {[%emt 0:00:57]} Nxd5 {[%emt 0:00:20]} 19. Nde4 {[%emt 0:05:53]} Bh4 {[%emt 0:04:52]} 20. Ng3 {[%emt 0:08:14]} Nxc3 {[%emt 0:02:48]} 21. bxc3 {[%emt 0:00:03]} Qg5 {[%emt 0:11:21]} 22. Bf2 {[%emt 0:07:44]} Nf4 {[%emt 0:03:18]} 23. Bf1 {[%emt 0:04:14]} Red8 {[%emt 0:01:29]} 24. Qc1 {[%emt 0:04:31]} h5 {[%emt 0:11:01]} 25. Ne4 {[%emt 0:01:23]} Bxe4 {[%emt 0:10:19]} 26. Bxh4 {[%emt 0:00:33]} Qxh4 {[%emt 0:00:10]} 27. Rxe4 {[%emt 0:00:08]} 1-0

[Event "SVK Extraliga 2019-20"]
[Site "Slovakia"]
[Date "2020.01.19"]
[Round "6.5"]
[White "Cibickova, Zuzana"]
[Black "Lintner, Igor"]
[Result "1/2-1/2"]
[WhiteElo "2254"]
[BlackElo "2204"]
[Annotator "NA"]
[PlyCount "105"]
[EventDate "2019.10.19"]
[EventType "team-tourn"]
[EventCountry "SVK"]
[SourceTitle "playchess.com"]
[Source "ChessBase"]
[SourceQuality "1"]
[WhiteTeam "Podhajska"]
[BlackTeam "Bratislava"]
[TimeControl "40/5400+30:1800+30"]

1. e4 {[%emt 0:03:39]} c5 {[%emt 0:00:00]} 2. Nf3 {[%emt 0:00:05]} e6 {[%emt 0:00:02]} 3. d4 {[%emt 0:00:05]} cxd4 {[%emt 0:00:02]} 4. Nxd4 {[%emt 0:00:10]} a6 {[%emt 0:00:01]} 5. c4 {[%emt 0:11:13]} b6 {[%emt 0:00:07]} 6. Nc3 {[%emt 0:02:35]} Bb7 {[%emt 0:00:10]} 7. Bd3 {[%emt 0:02:17]} d6 {[%emt 0:00:35]} 8. O-O {[%emt 0:00:13]} Nf6 {[%emt 0:00:15]} 9. Qe2 {[%emt 0:01:25]} Nbd7 {[%emt 0:02:36]} 10. f4 {[%emt 0:02:16]} Qc7 {[%emt 0:02:21]} 11. Kh1 {[%emt 0:04:03]} h5 {[%emt 0:05:37]} 12. f5 {[%emt 0:14:40]} e5 {[%emt 0:04:15]} 13. Nc2 {[%emt 0:00:53]} Nc5 {[%emt 0:10:54]} 14. Ne3 {[%emt 0:09:33]} Rc8 {[%emt 0:05:50]} 15. Ncd5 {[%emt 0:13:00]} Bxd5 {[%emt 0:02:24]} 16. Nxd5 {[%emt 0:03:27]} Nxd5 {[%emt 0:00:22]} 17. cxd5 {[%emt 0:00:08]} Nxd3 {[%emt 0:04:28]} 18. Qxd3 {[%emt 0:00:01]} Qc4 {[%emt 0:00:00]} 19. Qf3 {[%emt 0:02:21]} Be7 {[%emt 0:07:03]} 20. b3 {[%emt 0:01:55]} Qb4 {[%emt 0:06:11]} 21. a3 {[%emt 0:11:07]} Qc3 {[%emt 0:04:03]} 22. Qxc3 {[%emt 0:00:41]} Rc7 23. Qc4 Rxc4 {[%emt 0:00:32]} 24. Rf3 {[%emt 0:00:43]} Rc2 {[%emt 0:04:18]} 25. Be3 {[%emt 0:01:06]} b5 {[%emt 0:08:20]} 26. Rc1 {[%emt 0:07:44]} Rxc1+ {[%emt 0:00:37]} 27. Bxc1 {[%emt 0:00:01]} Kd7 {[%emt 0:01:06]} 28. Rc3 {[%emt 0:03:49]} Rc8 {[%emt 0:01:51]} 29. Rxc8 {[%emt 0:00:29]} Kxc8 {[%emt 0:00:01]} 30. Kg1 {[%emt 0:00:11]} g5 {[%emt 0:00:58]} 31. fxg6 {[%emt 0:02:03]} fxg6 {[%emt 0:00:01]} 32. Kf2 {[%emt 0:00:39]} Kd7 {[%emt 0:00:45]} 33. g4 {[%emt 0:01:34]} Bh4+ {[%emt 0:02:14]} 34. Kf3 {[%emt 0:00:09]} Ke7 {[%emt 0:04:03]} 35. Bd2 {[%emt 0:00:57]} Kd7 {[%emt 0:10:00]} 36. Ba5 {[%emt 0:00:45]} Ke7 {[%emt 0:00:21]} 37. Bb6 {[%emt 0:00:11]} Kd7 {[%emt 0:01:03]} 38. Be3 {[%emt 0:00:30]} Ke7 {[%emt 0:00:30]} 39. Ba7 {[%emt 0:01:35]} Kd7 {[%emt 0:00:03]} 40. Bg1 {[%emt 0:00:17]} Ke7 {[%emt 0:00:05]} 41. Bb6 {[%emt 0:31:04]} Kd7 {[%emt 0:30:01]} 42. Ba7 {[%emt 0:00:00]} Ke7 {[%emt 0:00:00]} 43. Be3 {[%emt 0:00:00]} Kd7 {[%emt 0:00:00]} 44. gxh5 {[%emt 0:00:00]} gxh5 {[%emt 0:00:00]} 45. Kg2 {[%emt 0:00:00]} Ke8 {[%emt 0:00:00]} 46. Bb6 {[%emt 0:00:00]} Be7 {[%emt 0:00:00]} 47. Kh3 {[%emt 0:00:00]} Kf7 {[%emt 0:00:00]} 48. Bc7 {[%emt 0:00:00]} Kg6 {[%emt 0:00:00]} 49. Kg3 {[%emt 0:00:00]} Kf7 {[%emt 0:00:00]} 50. Bb8 {[%emt 0:00:00]} Kg6 {[%emt 0:00:00]} 51. Kf3 {[%emt 0:00:00]} Kf7 {[%emt 0:00:00]} 52. Bc7 {[%emt 0:00:00]} Ke8 {[%emt 0:00:00]} 53. Kg2 {[%emt 0:00:00]} 1/2-1/2

[Event "SVK Extraliga 2019-20"]
[Site "Slovakia"]
[Date "2020.01.19"]
[Round "6.6"]
[White "Kostolansky, Sebastian Lukas"]
[Black "Meszaros, Michal"]
[Result "1-0"]
[WhiteElo "2408"]
[BlackElo "2368"]
[Annotator "TA"]
[PlyCount "139"]
[EventDate "2019.10.19"]
[EventType "team-tourn"]
[EventCountry "SVK"]
[SourceTitle "playchess.com"]
[Source "ChessBase"]
[SourceQuality "1"]
[WhiteTeam "Slovan"]
[BlackTeam "Streda"]

{[%evp 20,139,-5,-13,-5,-11,-8,-12,0,0,47,47,47,50,44,50,50,49,50,47,34,52,44,28,27,0,52,13,39,25,29,25,25,25,18,18,18,18,32,32,47,0,18,0,66,0,18,0,50,39,70,35,106,101,106,106,87,53,46,31,28,22,14,0,93,103,113,89,156,108,101,94,104,79,108,122,280,288,371,158,145,155,230,152,187,195,206,212,212,212,204,196,186,186,212,146,140,131,226,224,202,178,304,304,293,300,552,241,337,328,313,284,608,389,927,826,800,522,1002,537,927,914]} 1. e4 c5 2. Nf3 d6 3. Bb5+ Bd7 4. Bxd7+ Qxd7 5. O-O Nc6 6. c3 Nf6 7. Re1 e6 8. d4 cxd4 9. cxd4 d5 10. e5 Ne4 11. Nc3 Nxc3 {B52: Sicilian: Moscow Variation with 3...Bd7} 12. bxc3 Be7 13. Ng5 (13. Qd3 h6 14. Rb1 Rc8 {½-½ (14) Ayats Llobera,G (2377)-Perez Mitjans,O (2377) Barcelona 2019}) 13... Bxg5 {The position is equal.} 14. Bxg5 O-O $146 ({Predecessor:} 14... Ne7 15. Re3 h6 16. Rh3 O-O-O 17. Bc1 Kb8 18. a4 Rc8 19. Ba3 {½-½ (29) Guzzardo,R-Copie,J corr 1974}) 15. Re3 {Threatens to win with Bf6!} Ne7 $1 16. Qh5 f6 $1 17. exf6 gxf6 18. Bh6 Nf5 19. Rf3 Rf7 20. Re1 Kh8 21. Bf4 Rg8 22. h3 Rfg7 (22... Ng7 $11 23. Qh6 Nf5) 23. g4 Rg6 (23... h6 $5) 24. Kh2 Nd6 25. Rfe3 {Strongly threatening c4.} Re8 26. f3 Nc4 27. R3e2 Kg8 28. Qh4 b5 29. Qf2 Kf7 30. Qh4 Kg8 31. Bg3 Nd6 (31... Kg7 $11 32. Bf4 a6) 32. Bf4 (32. Bxd6 $5 Qxd6+ 33. Qg3 Qxg3+ 34. Kxg3 $14) 32... Nc4 33. Qf2 Kf7 34. h4 Rgg8 35. h5 Re7 (35... Kg7 $14) 36. Qh4 $16 Ree8 37. Kh1 Qd8 38. Qh2 a6 39. Bg3 Qd7 40. Bh4 $40 {[%mdl 128] Hoping for Qf4! White is up to no good.} Qd6 41. Bg3 Qc6 (41... Qd7 $11 {keeps the balance.}) 42. Bf4 $1 Re7 43. Qh4 Nd6 (43... e5 $142) 44. Rg1 Ree8 45. Qe1 Qd7 46. Qb1 Rh8 47. Bg3 Qc6 $2 (47... Nc4 $16 {was necessary.}) 48. Qc1 $18 Ke7 49. Qh6 (49. Rge1 $18 Kd7 50. Qh6) 49... Nf7 $16 {[#]} 50. Qe3 $1 Rhf8 (50... Ng5 $16 {keeps fighting.}) 51. Bh4 Kd7 52. Bxf6 Nd6 53. Bg7 Rf7 54. h6 Qc7 55. Kg2 Nc4 56. Qg5 Qa5 57. Rc1 Qa3 58. Rcc2 b4 (58... Qe7 $16 59. Qxe7+ Rfxe7) 59. Qh5 $18 Ree7 60. Qh1 b3 (60... a5 $142) 61. axb3 Qxb3 {White should prevent ...Ne3+.} 62. Qc1 a5 $2 {[#]} (62... Kc8 63. Qd1 Qb8) 63. Ra2 (63. Rb2 $142 $1 {[%mdl 512]} Nxb2 64. Rxb2) 63... Kc6 64. Ra1 Qb8 65. Rb1 Qd6 $2 (65... Qf4 66. Qxf4 Rxf4) 66. Be5 Nxe5 $2 (66... Qa3 67. Qe1 Rb7) 67. Rxe5 {White is clearly winning.} Rb7 68. Ra1 Kb6 69. Qe1 Rf6 {[#]} 70. c4 $1 {[%mdl 512] Accuracy: White = 64%, Black = 39%.} 1-0

[Event "SVK Extraliga 2019-20"]
[Site "Slovakia"]
[Date "2020.01.20"]
[Round "6.6"]
[White "Maslik, Miroslav"]
[Black "Druska, Juraj"]
[Result "0-1"]
[WhiteElo "2358"]
[BlackElo "2501"]
[Annotator "ChessBase"]
[PlyCount "94"]
[EventDate "2019.10.19"]
[EventType "team-tourn"]
[EventCountry "SVK"]
[SourceTitle "playchess.com"]
[Source "ChessBase"]
[SourceQuality "1"]
[WhiteTeam "Modra"]
[BlackTeam "Zilina"]
[WhiteTeamCountry "SVK"]
[BlackTeamCountry "SVK"]
[TimeControl "40/5400+30:1800+30"]

1. d4 {[%emt 0:00:00]} Nf6 {[%emt 0:00:00]} 2. Bg5 {[%emt 0:00:00]} e6 {[%emt 0:01:03]} 3. e4 {[%emt 0:00:39]} h6 {[%emt 0:00:08]} 4. Bxf6 {[%emt 0:00:13]} Qxf6 {[%emt 0:00:03]} 5. c3 {[%emt 0:02:13]} d6 {[%emt 0:01:15]} 6. Nd2 {[%emt 0:00:50]} e5 {[%emt 0:02:22]} 7. Ngf3 {[%emt 0:01:22]} g6 {[%emt 0:01:30]} 8. Bc4 {[%emt 0:05:54]} Bg7 {[%emt 0:00:45]} 9. a4 {[%emt 0:05:37]} O-O {[%emt 0:14:20]} 10. a5 {[%emt 0:01:09]} exd4 {[%emt 0:07:30]} 11. Nxd4 {[%emt 0:01:35]} Nc6 {[%emt 0:00:20]} 12. Nxc6 {[%emt 0:03:43]} bxc6 {[%emt 0:00:09]} 13. O-O {[%emt 0:00:07]} Rb8 {[%emt 0:02:11]} 14. Qc2 {[%emt 0:01:54]} Be6 {[%emt 0:00:28]} 15. Bxe6 {[%emt 0:07:39]} Qxe6 {[%emt 0:00:26]} 16. Ra4 {[%emt 0:11:05]} Rb5 {[%emt 0:01:07]} 17. b3 {[%emt 0:05:36]} Rfb8 {[%emt 0:04:39]} 18. Qd3 {[%emt 0:08:02]} Qe5 {[%emt 0:19:54]} 19. Rc4 {[%emt 0:11:00]} Rc5 {[%emt 0:02:44]} 20. Nf3 {[%emt 0:03:42]} Qh5 {[%emt 0:00:36]} 21. b4 {[%emt 0:00:57]} Rxc4 {[%emt 0:00:36]} 22. Qxc4 {[%emt 0:00:01]} Qb5 {[%emt 0:00:18]} 23. Qxb5 {[%emt 0:01:06]} Rxb5 {[%emt 0:00:16]} 24. Rc1 {[%emt 0:00:44]} c5 {[%emt 0:00:43]} 25. Kf1 {[%emt 0:00:45]} Kf8 {[%emt 0:07:31]} 26. Ke2 {[%emt 0:02:47]} Ke7 {[%emt 0:01:04]} 27. Kd3 {[%emt 0:03:09]} Kd7 {[%emt 0:00:09]} 28. Kc4 {[%emt 0:07:16]} a6 {[%emt 0:00:51]} 29. Kb3 {[%emt 0:03:52]} cxb4 {[%emt 0:01:44]} 30. cxb4 {[%emt 0:00:02]} c5 {[%emt 0:00:07]} 31. Rc4 {[%emt 0:00:21]} cxb4 {[%emt 0:00:10]} 32. Rxb4 {[%emt 0:00:09]} Rxa5 {[%emt 0:00:07]} 33. Rb7+ {[%emt 0:04:13]} Ke6 {[%emt 0:00:17]} 34. Rb4 {[%emt 0:01:43]} Ra1 {[%emt 0:01:56]} 35. Nd4+ {[%emt 0:02:20]} Bxd4 {[%emt 0:01:28]} 36. Rxd4 {[%emt 0:00:01]} Rh1 {[%emt 0:01:02]} 37. Rd2 {[%emt 0:01:07]} Rxh2 {[%emt 0:00:11]} 38. g3 {[%emt 0:00:30]} Rh1 {[%emt 0:01:08]} 39. Ra2 {[%emt 0:00:00]} Re1 {[%emt 0:00:24]} 40. Rxa6 {[%emt 0:00:01]} Re2 {[%emt 0:01:51]} 41. Kc4 {[%emt 0:30:32]} Rxf2 {[%emt 0:31:37]} 42. Kd4 {[%emt 0:00:31]} Rf3 {[%emt 0:02:24]} 43. e5 {[%emt 0:00:09]} Rxg3 {[%emt 0:00:06]} 44. Rxd6+ {[%emt 0:00:03]} Ke7 {[%emt 0:00:13]} 45. Rb6 {[%emt 0:00:16]} Rg1 {[%emt 0:01:16]} 46. Rb7+ {[%emt 0:00:20]} Kf8 {[%emt 0:00:07]} 47. e6 {[%emt 0:03:47]} Rd1+ {[%emt 0:00:24]} 0-1

[Event "SVK Extraliga 2019-20"]
[Site "Slovakia"]
[Date "2020.01.19"]
[Round "6.6"]
[White "Zambor, Norbert"]
[Black "Krak, Tomas"]
[Result "1/2-1/2"]
[WhiteElo "2261"]
[BlackElo "2349"]
[Annotator "NA"]
[PlyCount "31"]
[EventDate "2019.10.19"]
[EventType "team-tourn"]
[EventCountry "SVK"]
[SourceTitle "playchess.com"]
[Source "ChessBase"]
[SourceQuality "1"]
[WhiteTeam "Prakovce"]
[BlackTeam "Snina"]
[TimeControl "40/5400+30:1800+30"]

{[%evp 8,27,42,32767,32767,32767,32767,32767,32767,0,21,18,10,0,-5,-10,-3,0,0,-7,0,-13]} 1. e4 {[%emt 0:00:00]} c5 {[%emt 0:00:00]} 2. Nf3 {[%emt 0:00:00]} Nc6 {[%emt 0:00:10]} 3. Bb5 {[%emt 0:00:15]} Nf6 {[%emt 0:00:19]} 4. Nc3 {[%emt 0:01:12]} g6 {[%emt 0:00:06]} 5. e5 {[%emt 0:06:08]} Ng4 {[%emt 0:00:15]} 6. Bxc6 {[%emt 0:02:09]} dxc6 {[%emt 0:00:06]} 7. h3 {[%emt 0:06:23]} Nh6 {[%emt 0:00:13]} 8. g4 {[%emt 0:02:49]} Bg7 {[%emt 0:00:21]} 9. d3 {[%emt 0:02:39]} O-O {[%emt 0:00:25]} 10. Be3 {[%emt 0:06:57]} f5 {[%emt 0:00:22]} 11. exf6 {[%emt 0:03:30]} exf6 {[%emt 0:00:10]} 12. Qd2 {[%emt 0:00:45]} Nf7 {[%emt 0:00:10]} 13. O-O-O {[%emt 0:02:11]} Qa5 {[%emt 0:00:15]} 14. a3 $11 {[%emt 0:03:41]} Be6 {[%emt 0:17:38]} 15. Ne4 {[%emt 0:04:16]} Qxd2+ {[%emt 0:00:45]} 16. Bxd2 {[%emt 0:14:57]} 1/2-1/2

[Event "SVK Extraliga 2019-20"]
[Site "Slovakia"]
[Date "2020.01.19"]
[Round "6.6"]
[White "Veres, Andrej"]
[Black "Lisko, Frantisek"]
[Result "1-0"]
[WhiteElo "2237"]
[BlackElo "2256"]
[Annotator "NA"]
[PlyCount "37"]
[EventDate "2019.10.19"]
[EventType "team-tourn"]
[EventCountry "SVK"]
[SourceTitle "playchess.com"]
[Source "ChessBase"]
[SourceQuality "1"]
[WhiteTeam "Dubnica"]
[BlackTeam "Dunajov"]
[TimeControl "40/5400+30:1800+30"]

1. e4 {[%emt 0:00:00]} c5 {[%emt 0:00:00]} 2. c3 {[%emt 0:00:26]} Nf6 {[%emt 0:00:00]} 3. e5 {[%emt 0:01:16]} Nd5 {[%emt 0:00:03]} 4. d4 {[%emt 0:00:28]} cxd4 {[%emt 0:00:14]} 5. Nf3 {[%emt 0:00:57]} e6 {[%emt 0:00:29]} 6. Qxd4 {[%emt 0:11:01]} Nc6 {[%emt 0:00:41]} 7. Qe4 {[%emt 0:05:43]} f5 {[%emt 0:00:29]} 8. exf6 {[%emt 0:03:30]} Nxf6 {[%emt 0:00:22]} 9. Qh4 {[%emt 0:03:51]} d5 {[%emt 0:11:06]} 10. Bd3 {[%emt 0:01:33]} Bd6 {[%emt 0:02:40]} 11. Ng5 {[%emt 0:15:47]} Ne5 {[%emt 0:22:43]} 12. Bc2 {[%emt 0:00:59]} Qe7 {[%emt 0:15:00]} 13. O-O {[%emt 0:14:36]} Bd7 {[%emt 0:19:54]} 14. Re1 {[%emt 0:10:57]} O-O-O {[%emt 0:06:17]} 15. Bf4 {[%emt 0:04:12]} Nfg4 {[%emt 0:02:39]} 16. Qg3 {[%emt 0:06:40]} Bc5 {[%emt 0:08:21]} 17. Nh3 {[%emt 0:01:09]} Rdf8 {[%emt 0:03:21]} 18. Rxe5 {[%emt 0:03:15]} Rxf4 {[%emt 0:03:49]} 19. Qxf4 {[%emt 0:01:01]} 1-0